United States Fighter Jets - Statistics

General Stats
  • This quiz has been taken 55 times
  • The average score is 5 of 6
Answer Stats
Picture Answer % Correct
F-22 Raptor
98%
F-15 Eagle
90%
F-16 Fighting Falcon
88%
F-14 Tomcat
82%
F-35 Lightning II
76%
F-4 Phantom II
52%
No matching quizzes found
Score Distribution
Percent of People with Each Score
Percentile by Number Answered
Your Score History
You have not taken this quiz